Urbanismo, Obra Pb︢lica y Medio Ambiente 100 Resoluciones Judiciales contra la Administracin̤ Pb︢lica

Detalles Bibliográficos
Autor principal: Ramos Medrano, Jose Antonio
Otros Autores: Ramos De̕z, Francisco Javier
Formato: eBook
Lenguaje:español
Publicado: Madrid : Dykinson, 2012
Materias:
Acceso en línea:http://www.vlex.com/source/7011

MARC

LEADER 00000nam a22000007a 4500
005 20130221163648.0
007 cr|||| ||||
008 130221e2012 sp |||||s|||| 00||0 spa d
020 |a 978-84-9031-245-2 
035 |a 7011 
040 |a vLex 
090 |c 3698  |d 3698 
100 1 0 |a Ramos Medrano, Jose Antonio  
245 1 0 |a Urbanismo, Obra Pb︢lica y Medio Ambiente  |b 100 Resoluciones Judiciales contra la Administracin̤ Pb︢lica  |h [Recurso electrn̤ico] 
256 |a Servicio en ln̕ea 
260 |a Madrid :  |b Dykinson,   |c 2012 
300 |a 1 Recurso electrn̤ico 
650 0 4 |a Derecho del medio ambiente  |z Espaą 
650 0 4 |a Jurisprudencia  |z Espaą 
650 0 4 |a Urbanismo  |z Espaą 
650 0 4 |a Obras pb︢licas  |z Espaą 
700 1 0 |a Ramos De̕z, Francisco Javier 
740 |a vLex libros (Servicio en ln̕ea) 
856 |a Acceso restringido  |u http://www.vlex.com/source/7011 
942 |c BOOK 
999 0 |a Environmental law